| 000 | 01088nam a2200217Ia 4500 | ||
|---|---|---|---|
| 999 |
_c39889 _d39889 |
||
| 001 | 6494 | ||
| 003 | GE_BSU | ||
| 005 | 20190513153727.0 | ||
| 008 | 181216s1990||||ge |||||||||||||| ||geo|| | ||
| 040 | _cGE_BSU | ||
| 041 | _ageo | ||
| 080 | _a621.5(075.8) + 621.398(075.8) ლ-86 | ||
| 100 |
_aლოსაბერიძე, ა. _91068 |
||
| 245 |
_aავტომატიკისა და ტელემექანიკის საშუალებათა დაპროექტება : _bსახელმძღვ. / _cა. ლოსაბერიძე ; რედ. დ. დავითური. |
||
| 264 |
_aთბილისი : _bგანათლება, _c1990. |
||
| 300 |
_a144 გვ. _bნახაზები ; _e20 სმ. |
||
| 504 | _aბიბლიოგრ. : გვ.142. | ||
| 653 | _aავტომატიკისა და ტელემექანიკის საშუალებათა დაპროექტება | ||
| 700 |
_aდავითური, დ. _eრედაქტორი _9950 |
||
| 942 |
_cBK _2udc |
||